Statistics for TYPE 250

Click here to take the quiz!

General Stats

  • This quiz has been taken 7 times
  • The average score is 102 of 255

Answer Stats

Answer% Correct
1
100%
2
100%
3
100%
4
100%
5
100%
59
100%
6
100%
7
100%
8
100%
9
100%
10
80%
11
80%
12
80%
19
80%
22
80%
26
80%
28
80%
34
80%
37
80%
45
80%
48
80%
49
80%
51
80%
52
80%
53
80%
54
80%
56
80%
57
80%
58
80%
64
80%
67
80%
68
80%
69
80%
73
80%
82
80%
87
80%
89
80%
92
80%
93
80%
100
60%
101
60%
102
60%
103
60%
104
60%
105
60%
106
60%
107
60%
108
60%
109
60%
110
60%
111
60%
112
60%
113
60%
114
60%
115
60%
116
60%
117
60%
118
60%
119
60%
120
60%
121
60%
122
60%
123
60%
124
60%
125
60%
126
60%
127
60%
128
60%
129
60%
13
60%
130
60%
131
60%
132
60%
133
60%
134
60%
135
60%
136
60%
137
60%
138
60%
139
60%
14
60%
140
60%
141
60%
142
60%
143
60%
144
60%
145
60%
146
60%
147
60%
15
60%
16
60%
17
60%
18
60%
20
60%
21
60%
23
60%
24
60%
25
60%
27
60%
29
60%
30
60%
31
60%
32
60%
33
60%
35
60%
36
60%
38
60%
39
60%
40
60%
41
60%
42
60%
43
60%
44
60%
46
60%
47
60%
50
60%
55
60%
60
60%
61
60%
62
60%
63
60%
65
60%
66
60%
70
60%
71
60%
72
60%
74
60%
75
60%
76
60%
77
60%
78
60%
79
60%
80
60%
81
60%
83
60%
84
60%
85
60%
86
60%
88
60%
90
60%
91
60%
94
60%
95
60%
96
60%
97
60%
98
60%
99
60%
148
40%
149
40%
150
40%
152
40%
151
20%
153
20%
154
20%
155
20%
156
20%
157
20%
158
20%
159
20%
160
20%
161
20%
163
0%
164
0%
165
0%
166
0%
167
0%
168
0%
169
0%
170
0%
171
0%
172
0%
173
0%
174
0%
175
0%
176
0%
177
0%
178
0%
179
0%
180
0%
181
0%
182
0%
183
0%
184
0%
185
0%
186
0%
187
0%
188
0%
189
0%
190
0%
191
0%
192
0%
193
0%
194
0%
195
0%
196
0%
197
0%
198
0%
199
0%
200
0%
201
0%
202
0%
203
0%
204
0%
205
0%
206
0%
207
0%
208
0%
209
0%
210
0%
211
0%
212
0%
213
0%
214
0%
215
0%
216
0%
217
0%
218
0%
219
0%
220
0%
221
0%
222
0%
223
0%
224
0%
225
0%
226
0%
227
0%
228
0%
229
0%
230
0%
231
0%
232
0%
233
0%
234
0%
235
0%
236
0%
237
0%
238
0%
239
0%
240
0%
241
0%
242
0%
243
0%
244
0%
245
0%
246
0%
247
0%
248
0%
249
0%
250
0%

Score Distribution

Percentile by Number Answered

Percent of People with Each Score

Your Score History

You have not taken this quiz